000 01235nmm a2200385 a 4500
003 AR-BaBNM
005 20251128211209.0
008 283020s1988 ||||||||||||||000 | spa||
020 _a84-505-6407-7
040 _cAR-BaBNM
100 1 _aMorales Padrón, Francisco
245 1 0 _aAtlas histórico cultural de América
250 _a1ª ed.
260 _aLas Palmas de Gran Canaria
_bComisión de Canarias para la Conmemoración del V Centenario del Descubrimiento de América
_c1988
_bConsejería de Cultura y Deportes Gobierno de Canarias
300 0 _a2 v.
_bil., láms., mapas
650 4 _aNAVEGACION MARITIMA
650 4 _aINSTRUMENTOS DE NAVEGACION
650 4 _aHISTORIA POLITICA
650 4 _aHISTORIA MILITAR
650 4 _aDESCUBRIMIENTOS GEOGRAFICOS
650 4 _aBUQUES
650 4 _aSIGLO DIECIOCHO
650 4 _aCARTOGRAFIA
650 4 _aCONQUISTA DEL RIO DE LA PLATA
650 4 _aVIRREINATO DEL RIO DE LA PLATA
650 4 _aHISTORIA SOCIAL
650 4 _aHISTORIA ECONOMICA
650 4 _aSIGLO DIECINUEVE
651 4 _aEspaña
651 4 _aAmérica Latina
700 1 _aRumeu de Armas, Antonio
_eprologuista
700 1 _aTovar, Ignacio
_eilustrador
942 _cBK
998 _cMariana
999 _c18667
_d18667